[Event "Capablanca Memorial op 53rd"]
[Site "Havana"]
[Date "2018.05.16"]
[Round "7"]
[White "Ojeda Lago, Ariadna"]
[Black "Perez Ramirez, Kenia"]
[Result "1-0"]
[WhiteElo "2103"]
[BlackElo "1984"]
[PlyCount "105"]
[EventDate "2018.05.09"]
[EventType "swiss"]
[EventRounds "10"]
[EventCountry "CUB"]
[SourceTitle "EXT 2021"]
[Source "ChessBase"]
[SourceDate "2020.10.23"]
[SourceVersion "1"]
[SourceVersionDate "2020.10.23"]
[SourceQuality "1"]

1. e4 c5 2. Nf3 e6 3. d4 cxd4 4. Nxd4 Nf6 5. Bd3 a6 6. 0-0 d5 7. e5 Nfd7 8. Qh5 g6 9. Qe2 Bg7 10. Nf3 Nc6 11. Bf4 Qc7 12. Re1 Nc5 13. c3 Nxd3 14. Qxd3 Bd7 15. Nbd2 h6 16. c4 Ne7 17. Bg3 Bc6 18. cxd5 Bxd5 19. Ne4 Bxe4 20. Qxe4 0-0 21. Rac1 Qb6 22. Nd2 Nf5 23. Nc4 Qa7 24. Nd6 Nxg3 25. hxg3 b5 26. Rc6 Qe7 27. Rec1 Qd8 28. Rc7 Rb8 29. f4 h5 30. Qc6 a5 31. Rd7 Qb6+ 32. Qxb6 Rxb6 33. Rcc7 Rxd6 34. Rxd6 g5 35. Kf2 Kh7 36. Rcd7 Kg6 37. Kf3 Bh6 38. Ra7 a4 39. Rb7 f6 40. Ra6 Kf5 41. Rxb5 gxf4 42. gxf4 Bxf4 43. exf6+ e5 44. Rxa4 Kxf6 45. Rxf4+ exf4 46. Rxh5 Ke6 47. b4 Kd6 48. a4 Rb8 49. Rb5 Ra8 50. a5 Rg8 51. a6 Rg3+ 52. Kxf4 Rxg2 53. a7 1-0

[Event "Capablanca Memorial op 53rd"]
[Site "Havana"]
[Date "2018.05.15"]
[Round "6"]
[White "Hart, Alexander E"]
[Black "Ojeda Lago, Ariadna"]
[Result "1/2-1/2"]
[WhiteElo "1930"]
[BlackElo "2103"]
[PlyCount "83"]
[EventDate "2018.05.09"]
[EventType "swiss"]
[EventRounds "10"]
[EventCountry "CUB"]
[SourceTitle "EXT 2021"]
[Source "ChessBase"]
[SourceDate "2020.10.23"]
[SourceVersion "1"]
[SourceVersionDate "2020.10.23"]
[SourceQuality "1"]

1. Nf3 Nf6 2. c4 c6 3. b3 d5 4. e3 Bg4 5. Bb2 Nbd7 6. Qc2 Bxf3 7. gxf3 e5 8. Nc3 Rc8 9. Be2 a6 10. Rd1 d4 11. Ne4 c5 12. Ng3 g6 13. Rg1 Nb8 14. h4 Nc6 15. a3 Nd7 16. h5 f5 17. hxg6 hxg6 18. f4 exf4 19. exf4 Qc7 20. Nxf5 gxf5 21. Qxf5 Ne7 22. Bh5+ Kd8 23. Qf7 Qc6 24. d3 Qf6 25. Bc1 Qxf7 26. Bxf7 Rc6 27. f5 Nxf5 28. Bf4 Bd6 29. Bg5+ Be7 30. Bf4 Rf6 31. Bd5 Nh4 32. Rg4 Ng6 33. Bg3 Nge5 34. Re4 Rh1+ 35. Ke2 Rxd1 36. Kxd1 Nxd3 37. Bxb7 a5 38. Rg4 N3e5 39. Re4 Rb6 40. Bd5 Bf6 41. f4 Ng4 42. Bf7 1/2-1/2

[Event "Capablanca Memorial op 53rd"]
[Site "Havana"]
[Date "2018.05.10"]
[Round "2"]
[White "Toledo Fernandez, Lazaro Yunior"]
[Black "Ojeda Lago, Ariadna"]
[Result "1-0"]
[WhiteElo "2134"]
[BlackElo "2103"]
[PlyCount "137"]
[EventDate "2018.05.09"]
[EventType "swiss"]
[EventRounds "10"]
[EventCountry "CUB"]
[SourceTitle "EXT 2019"]
[Source "ChessBase"]
[SourceDate "2018.10.10"]
[SourceVersion "1"]
[SourceVersionDate "2018.10.10"]
[SourceQuality "1"]

1. e4 e5 2. Nc3 Nf6 3. f4 d5 4. fxe5 Nxe4 5. Nf3 Be7 6. Qe2 f5 7. d3 Nxc3 8. bxc3 c5 9. g3 Nc6 10. Bg2 Be6 11. 0-0 0-0 12. Rb1 Rb8 13. d4 c4 14. Bd2 b5 15. h4 h6 16. Kh2 a5 17. Ng1 b4 18. Nh3 Qe8 19. Nf4 Qf7 20. Bf3 g6 21. Nxe6 Qxe6 22. Bxh6 Rfd8 23. Qe3 Rd7 24. Kg2 Rdb7 25. cxb4 Rxb4 26. Rxb4 axb4 27. h5 Ra8 28. Ra1 Ra3 29. Qd2 b3 30. cxb3 cxb3 31. Qb2 bxa2 32. hxg6 Rxf3 33. Kxf3 Qxg6 34. Bf4 Qg4+ 35. Kg2 Nb4 36. Rh1 Nd3 37. Qd2 Nxf4+ 38. Qxf4 Qe2+ 39. Qf2 Qe4+ 40. Qf3 Qxd4 41. Qxf5 Qb2+ 42. Kf3 Qc3+ 43. Kg4 Qd4+ 44. Kh5 a1Q 45. Rxa1 Qxa1 46. Kg6 Qa6+ 47. e6 Bf6 48. Qxf6 Qd3+ 49. Kh6 Qh7+ 50. Kg5 Qc7 51. Qg6+ Kf8 52. Qf5+ Kg8 53. Qxd5 Qxg3+ 54. Kf6 Qg7+ 55. Kf5 Qh7+ 56. Ke5 Qh2+ 57. Kf6 Qf4+ 58. Ke7 Qc7+ 59. Qd7 Qc5+ 60. Qd6 Qa7+ 61. Ke8 Qa4+ 62. Qd7 Qa8+ 63. Qd8 Qc6+ 64. Ke7+ Kg7 65. Qd4+ Kh7 66. Kf7 Qf3+ 67. Qf6 Qb7+ 68. Qe7 Qf3+ 69. Ke8+ 1-0

[Event "Capablanca Memorial op 52nd"]
[Site "Matanzas"]
[Date "2017.05.27"]
[Round "1"]
[White "Hernandez Moya, Yuleisis"]
[Black "Ojeda Lago, Ariadna"]
[Result "1-0"]
[WhiteElo "2223"]
[BlackElo "2043"]
[PlyCount "121"]
[EventDate "2017.05.27"]
[EventType "swiss"]
[EventRounds "10"]
[EventCountry "CUB"]
[SourceTitle "EXT 2018"]
[Source "ChessBase"]
[SourceDate "2017.10.13"]
[SourceVersion "1"]
[SourceVersionDate "2017.10.13"]
[SourceQuality "1"]

1. e4 e5 2. Nf3 Nc6 3. Bc4 Nf6 4. d3 Be7 5. 0-0 d6 6. a4 0-0 7. h3 h6 8. Re1 Na5 9. Ba2 c5 10. c3 Nc6 11. Na3 a6 12. Nc2 Re8 13. b4 Bf8 14. b5 Ne7 15. Bc4 Ng6 16. Ne3 axb5 17. Bxb5 Bd7 18. Rb1 Qc7 19. Nc4 Bc6 20. Qb3 Rab8 21. Ne3 Nf4 22. Nf5 Bxb5 23. Qxb5 Ng6 24. Nd2 Ne7 25. Nxe7+ Rxe7 26. Nc4 d5 27. Na5 Rd7 28. exd5 Rxd5 29. Nc6 Rc8 30. Na5 c4 31. Qxb7 Rxa5 32. Qxc7 Rxc7 33. dxc4 Nd7 34. Ra1 Rxc4 35. Rd1 Rc7 36. Be3 Be7 37. c4 Bc5 38. Rd5 Raa7 39. Rxd7 Rxd7 40. Bxc5 Ra8 41. Bb6 Rd6 42. c5 Rc6 43. a5 Kf8 44. a6 Ke7 45. a7 Ke6 46. Rd1 f5 47. Kf1 g5 48. Ke2 e4 49. Ke3 Ke5 50. Rd7 Ke6 51. Rb7 Kd5 52. Rd7+ Ke6 53. Rb7 Kd5 54. g3 Rf6 55. Rd7+ Kc6 56. Rd8 Rxd8 57. Bxd8 Kb7 58. Bxf6 Kxa7 59. Bg7 h5 60. Bf6 g4 61. hxg4 1-0

[Event "Bogota Navidad op"]
[Site "Bogota"]
[Date "2016.12.10"]
[Round "6"]
[White "Ojeda Lago, Ariadna"]
[Black "Vargas, Mauricio"]
[Result "1-0"]
[WhiteElo "1969"]
[BlackElo "2190"]
[PlyCount "45"]
[EventDate "2016.12.07"]
[EventType "swiss"]
[EventRounds "9"]
[EventCountry "COL"]
[SourceTitle "CBM 176 Extra"]
[Source "ChessBase"]
[SourceDate "2017.03.02"]
[SourceVersion "1"]
[SourceVersionDate "2017.03.02"]
[SourceQuality "1"]

1. e4 c5 2. Nc3 Nc6 3. g3 g6 4. Bg2 Bg7 5. d3 d6 6. Be3 Nf6 7. h3 e5 8. Qd2 Nd4 9. Nd1 h5 10. c3 Ne6 11. Ne2 d5 12. f4 d4 13. Bf2 Bh6 14. cxd4 cxd4 15. Qb4 exf4 16. gxf4 Nxf4 17. Nxf4 Bxf4 18. Bxd4 g5 19. e5 a5 20. Qb5+ Bd7 21. Qc5 Rc8 22. Qd6 Rc2 23. Bb6 1-0

[Event "Bogota Navidad op"]
[Site "Bogota"]
[Date "2016.12.09"]
[Round "5"]
[White "Zambrano, Carlos Augusto"]
[Black "Ojeda Lago, Ariadna"]
[Result "0-1"]
[WhiteElo "1802"]
[BlackElo "1969"]
[PlyCount "94"]
[EventDate "2016.12.07"]
[EventType "swiss"]
[EventRounds "9"]
[EventCountry "COL"]
[SourceTitle "CBM 176 Extra"]
[Source "ChessBase"]
[SourceDate "2017.03.02"]
[SourceVersion "1"]
[SourceVersionDate "2017.03.02"]
[SourceQuality "1"]

1. e4 e5 2. Nf3 Nc6 3. Bb5 a6 4. Ba4 Nf6 5. d3 d6 6. c3 g6 7. Nbd2 Bg7 8. Nf1 0-0 9. Ng3 b5 10. Bc2 Bb7 11. Bg5 h6 12. Bd2 d5 13. Qe2 Re8 14. h4 Bc8 15. h5 g5 16. 0-0-0 a5 17. Kb1 b4 18. Rde1 Bg4 19. exd5 Qxd5 20. Bb3 Qd7 21. Ne4 Nxh5 22. Ba4 bxc3 23. bxc3 Rab8+ 24. Kc1 Qe7 25. Bc2 Qa3+ 26. Kd1 Qxa2 27. Bc1 a4 28. Qe3 a3 29. Nexg5 hxg5 30. Qxg5 Qe6 31. Rxh5 Bxh5 32. Qxh5 a2 33. d4 a1Q 34. Ng5 Qf6 35. Bh7+ Kf8 36. Be4 Qxc1+ 37. Kxc1 Bh6 38. Bxc6 Qxg5+ 39. Qxg5 Bxg5+ 40. Kc2 Re6 41. d5 Rxc6 42. dxc6 Rb5 43. Kd3 Rc5 44. Re4 Ke7 45. g3 Kd6 46. f4 exf4 47. gxf4 Bf6 0-1